00526cam a2200169 a 450000100100000000500170001000800410002704000250006808200160009311000500010924500190015926000430017830000170022150000410023865000370027965000400031600000095020200929145442.0891026s1988 uy b f100 0 spa c aDO-SdBNPbspacBNPHU a658.4bU82a1 aUruguay.bOficina Nacional del Servicio Civil10aAlta gerencia. aMontevideo, Uruguay :bIngenio,c1988. av. ;c26 cm. aIncluye referencias bibliográficas 4aGobiernoxAlta gerenciazUruguay 4aAdministración públicazUruguay